000 00997nam a2200265Ia 4500
003 OSt
005 20221005105740.0
006 a|||||r|||| 00| 0
007 ta
008 221004b |||||||| |||| 00| 0 hin d
020 _cIndian Rupees 13
024 _a38860
037 _bGift, 28/08/2018,
_cTextual
040 _aCRL
_cCRL
_bhin
041 _2hin
_ahin
082 _aV2y7N02, 152L7
100 _aलक्ष्मीनारायण लाल, ले.
_9623934
245 0 _aअंधकार में एक प्रकाश जयप्रकाश
246 _aAandhakār mean ek prakāsh jayaprakāsha
260 _aनई दिल्ली
_bसरस्वती विहार भारत
_c1977
300 _a135पृ0
_ccm.
650 _aस्वतंत्रता सेनानी
942 _hV2y7N02, 152L7
_cTEXL
_2cc
999 _c1016794
_d1016794